عرض عادي
عرض مارك
- Nowak, M. A.
مدخل إسم شخص
001 - رقم الضبط
- حقل الضبط: 10549
003 - معرف رقم الضبط
- حقل الضبط: OSt
005 - تاريخ ووقت أخر عملية
- حقل الضبط: 20120410085233.0
008 - عناصر بيانات ثابتة الطول
- حقل تحكم ثابت الطول: 120410|||a|||||| | ||| d
040 ## - مصدر الفهرسة
- هيئة الفهرسة الأصلية: OSt
- وكالة الكتابة: OSt
100 ## - مدخل -- أسم شخص
- إسم شخص: Nowak, M. A.
- الشكل الكامل للاسم: (Martin A.)
670 ## - بيانات المصدر موجوده
- الاستشهاد بالمصدر: Work cat.: (OSt)0: Nowak, M. A. (Martin A.), Evolutionary dynamics :, 2006.
